Manuel Altolaguirre (Record no. 13383)

MARC details
000 -LEADER
campo de control de longitud fija 01019nam a2200301 i 4500
001 - NÚMERO DE CONTROL
campo de control 13383
003 - IDENTIFICADOR DE NÚMERO DE CONTROL
campo de control ES-MaACL
005 - FECHA Y HORA DE LA ÚLTIMA TRANSACCIÓN
campo de control 20260201174644.0
007 - CAMPO FIJO DE DESCRIPCIÓN FÍSICA--INFORMACIÓN GENERAL
campo de control de longitud fija t|
008 - DATOS DE LONGITUD FIJA--INFORMACIÓN GENERAL
campo de control de longitud fija 921127s1991 sp ||||0| spa d
016 7# - NÚMERO DE CONTROL DE UNA AGENCIA BIBLIOGRÁFICA NACIONAL
Número de control cancelado/no válido SIC92009774
020 ## - NÚMERO INTERNACIONAL ESTÁNDAR DEL LIBRO
Número Internacional Estándar del Libro 84-7785-071-2
040 ## - FUENTE DE CATALOGACIÓN
Centro catalogador/agencia de origen SIC
Lengua de catalogación spa
Centro/agencia transcriptor SIC
080 ## - NÚMERO DE LA CLASIFICACIÓN DECIMAL UNIVERSAL
Número de la Clasificación Decimal Universal 860 Altolaguirre, Manuel 1.02
080 ## - NÚMERO DE LA CLASIFICACIÓN DECIMAL UNIVERSAL
Número de la Clasificación Decimal Universal 012 Altolaguirre, Manuel
100 1# - ENTRADA PRINCIPAL--NOMBRE DE PERSONA
Nombre de persona Mesa Toré, José A.
9 (RLIN) 80644
245 10 - MENCIÓN DEL TÍTULO
Título Manuel Altolaguirre
Resto del título : ensayo bibliográfico /
Mención de responsabilidad, etc. José A. Mesa Toré.
260 ## - PUBLICACIÓN, DISTRIBUCIÓN, ETC.
Lugar de publicación, distribución, etc. [Málaga] :
Nombre del editor, distribuidor, etc. Centro Cultural de la Generación del 27,
Fecha de publicación, distribución, etc. D.L. 1991.
300 ## - DESCRIPCIÓN FÍSICA
Extensión 146 p. ;
Dimensiones 22 cm.
490 1# - MENCIÓN DE SERIE
Mención de serie Bibliografías ;
Designación de volumen o secuencia 2
600 #0 - PUNTO DE ACCESO ADICIONAL DE MATERIA--NOMBRE DE PERSONA
Nombre de persona Altolaguirre Bolín, Manuel,
Fechas asociadas al nombre 1905-1959-
Subdivisión general Ediciones
9 (RLIN) 227332
600 #0 - PUNTO DE ACCESO ADICIONAL DE MATERIA--NOMBRE DE PERSONA
Nombre de persona Altolaguirre Bolín, Manuel,
Fechas asociadas al nombre 1905-1959-
Subdivisión de forma Bibliografias
9 (RLIN) 227333
710 2# - ENTRADA AGREGADA--NOMBRE DE ENTIDAD CORPORATIVA
Nombre de entidad corporativa o nombre de jurisdicción como elemento de entrada Centro Cultural Generación del 27.
9 (RLIN) 2582
830 0# - PUNTO DE ACCESO ADICIONAL DE SERIE-TÍTULO UNIFORME
Título uniforme Bibliografías ;
Designación de volumen o secuencia 2
9 (RLIN) 228420
852 ## - LOCALIZACIÓN
Ubicación ES-MaACL
Número de control de estantería L-20719
Sublocalización o colección R.126438
942 ## - ELEMENTOS DE ENTRADA SECUNDARIOS (KOHA)
Fuente del sistema de clasificación o colocación Clasificación decimal universal
Holdings
Estatus retirado Estado de pérdida Estado de daño No para préstamo Biblioteca de origen Biblioteca actual Ubicación en estantería Fecha de adquisición Fuente de adquisición Total de préstamos Signatura topográfica completa Código de barras Visto por última vez Precio de reemplazo Tipo de ítem Koha
        Biblioteca del Ateneo de Madrid Biblioteca del Ateneo de Madrid Depósito 2 17/01/2008     L-20719 1013626 23/02/2023 23/02/2023 Libro impreso